[Event "Oberliga Nord N 2122"]
[Site "Germany"]
[Date "2022.05.29"]
[Round "5.8"]
[White "Zobel, Andrej"]
[Black "Moehrmann, Marcus"]
[Result "1-0"]
[WhiteElo "2058"]
[BlackElo "2042"]
[PlyCount "99"]
[EventDate "2021.10.31"]
[EventType "team-tourn"]
[EventRounds "9"]
[EventCountry "GER"]
[SourceTitle "EXT 2024"]
[Source "ChessBase"]
[SourceDate "2023.10.10"]
[SourceVersion "1"]
[SourceVersionDate "2023.10.10"]
[SourceQuality "1"]
[WhiteTeam "Johanneum Eppendorf"]
[BlackTeam "Hamburg Koenigsspringer"]
[WhiteTeamCountry "GER"]
[BlackTeamCountry "GER"]

1. d4 Nf6 2. c4 g6 3. f3 Bg7 4. e4 d6 5. Nc3 Nbd7 6. Be3 e5 7. Nh3 exd4 8. Bxd4 0-0 9. Be2 Ne5 10. Nf2 Re8 11. Qd2 Be6 12. b3 a5 13. 0-0 Bd7 14. Rac1 Bc6 15. Rfd1 a4 16. b4 b6 17. a3 Qb8 18. f4 Ned7 19. Bf3 Bh6 20. Nd5 Nxd5 21. cxd5 Bb5 22. Ng4 Bg7 23. Bxg7 Kxg7 24. Qc3+ f6 25. Qxc7 Rc8 26. Qxb8 Raxb8 27. Ne3 Kf7 28. Kf2 Ke7 29. Be2 Bxe2 30. Kxe2 b5 31. Rc6 Nb6 32. Rdc1 Kd7 33. Kd3 Rb7 34. R1c2 Re8 35. Kd4 Nc8 36. g3 Ne7 37. Ng4 Rf8 38. e5 fxe5+ 39. fxe5 Nf5+ 40. Ke4 dxe5 41. Nxe5+ Ke7 42. Re6+ Kd8 43. Nc6+ Kd7 44. Ne5+ Kd8 45. g4 Ng7 46. Nc6+ Kc8 47. Na5+ Kb8 48. Nxb7 Nxe6 49. dxe6 Kxb7 50. Ke5 1-0

[Event "Hamburg-chT Landesliga 2122"]
[Site "Hamburg"]
[Date "2022.04.03"]
[Round "8.2"]
[White "Moehrmann, Marcus"]
[Black "Frackowiak, Oliver"]
[Result "0-1"]
[WhiteElo "2038"]
[BlackElo "2162"]
[PlyCount "70"]
[EventDate "2021.10.31"]
[EventType "team-tourn"]
[EventRounds "9"]
[EventCountry "GER"]
[SourceTitle "EXT 2023"]
[Source "ChessBase"]
[SourceDate "2022.10.05"]
[SourceVersion "1"]
[SourceVersionDate "2022.10.05"]
[SourceQuality "1"]
[WhiteTeam "Hamburg Koenigsspringer II"]
[BlackTeam "Hamburger SK IV"]
[WhiteTeamCountry "GER"]
[BlackTeamCountry "GER"]

1. d4 d5 2. c4 e6 3. Nc3 Bb4 4. Nf3 Nf6 5. Bg5 dxc4 6. e4 b5 7. a4 c5 8. axb5 cxd4 9. Nxd4 h6 10. Bxf6 Qxf6 11. Bxc4 0-0 12. Nde2 Bb7 13. 0-0 Rd8 14. Qb3 Bc5 15. Rad1 Nd7 16. Na4 Bf8 17. Qe3 Qe5 18. Nec3 Qc7 19. Be2 Bd6 20. h3 Nb6 21. Rc1 Bf4 22. Qc5 Qxc5 23. Nxc5 Bxc1 24. Nxb7 Rdb8 25. Rxc1 Rxb7 26. e5 Rd8 27. Ne4 Nd5 28. Nd6 Rc7 29. Ra1 Nf4 30. Bf3 Nd3 31. Nb7 Rb8 32. Rxa7 Nxe5 33. Bc6 Nxc6 34. bxc6 Rxc6 35. Na5 Rc1+ 0-1

[Event "Hamburg-chT Landesliga 2122"]
[Site "Hamburg"]
[Date "2022.03.27"]
[Round "6.4"]
[White "Diekmann, Jens"]
[Black "Moehrmann, Marcus"]
[Result "1-0"]
[WhiteElo "2061"]
[BlackElo "2038"]
[PlyCount "67"]
[EventDate "2021.10.31"]
[EventType "team-tourn"]
[EventRounds "9"]
[EventCountry "GER"]
[SourceTitle "EXT 2023"]
[Source "ChessBase"]
[SourceDate "2022.10.05"]
[SourceVersion "1"]
[SourceVersionDate "2022.10.05"]
[SourceQuality "1"]
[WhiteTeam "Marmstorf"]
[BlackTeam "Hamburg Koenigsspringer II"]
[WhiteTeamCountry "GER"]
[BlackTeamCountry "GER"]

1. c4 Nf6 2. Nc3 g6 3. g3 Bg7 4. Bg2 0-0 5. e4 d6 6. Nge2 e5 7. 0-0 c6 8. d3 Be6 9. h3 a5 10. Kh2 Na6 11. f4 Qd7 12. g4 exf4 13. Bxf4 Nc5 14. d4 Ncxe4 15. Nxe4 Nxe4 16. Bxe4 Bxc4 17. Bd3 Bd5 18. Qd2 Rfe8 19. Bg5 Be4 20. Bxe4 Rxe4 21. Rf4 Rae8 22. Ng3 Rxf4 23. Bxf4 b6 24. Rd1 d5 25. b4 axb4 26. Qxb4 Qa7 27. Rd2 c5 28. Qb5 Re1 29. dxc5 bxc5 30. Qc6 c4 31. Rg2 Qd4 32. Qc8+ Bf8 33. Bd6 Qg7 34. Nf5 1-0

[Event "Hamburg-chT Landesliga 2122"]
[Site "Hamburg"]
[Date "2021.11.21"]
[Round "2.4"]
[White "Lansky, Georg"]
[Black "Moehrmann, Marcus"]
[Result "1/2-1/2"]
[WhiteElo "2012"]
[BlackElo "2038"]
[PlyCount "86"]
[EventDate "2021.10.31"]
[EventType "team-tourn"]
[EventRounds "9"]
[EventCountry "GER"]
[SourceTitle "EXT 2023"]
[Source "ChessBase"]
[SourceDate "2022.10.05"]
[SourceVersion "1"]
[SourceVersionDate "2022.10.05"]
[SourceQuality "1"]
[WhiteTeam "Weisse Dame"]
[BlackTeam "Hamburg Koenigsspringer II"]
[WhiteTeamCountry "GER"]
[BlackTeamCountry "GER"]

1. e4 e5 2. Nf3 Nc6 3. d4 exd4 4. Nxd4 Bc5 5. Nxc6 bxc6 6. Bc4 Nf6 7. Nc3 0-0 8. 0-0 d6 9. Bg5 h6 10. Bh4 g5 11. Bg3 Bg4 12. Qd3 Nh5 13. Na4 Bb6 14. Nxb6 axb6 15. f4 Ra5 16. b4 Ra8 17. Qb3 b5 18. Bd3 Nxg3 19. hxg3 Qf6 20. c3 gxf4 21. gxf4 Be6 22. Qc2 Ra3 23. e5 dxe5 24. Qc1 Rfa8 25. fxe5 Qg7 26. Rf2 Rxa2 27. Rfxa2 Rxa2 28. Rxa2 Bxa2 29. Qf4 Bd5 30. Be4 Qg5 31. Qxg5+ hxg5 32. Bf5 f6 33. exf6 Kf7 34. Kf2 Kxf6 35. Bc2 Ke5 36. g3 Kd6 37. Bd3 Bh1 38. Ke3 Kd5 39. Be2 Be4 40. Bf1 Ke5 41. Be2 Bf5 42. Bf3 Bd7 43. Be4 Be8 1/2-1/2

[Event "Oberliga Nord N 1819"]
[Site "Germany"]
[Date "2019.03.24"]
[Round "8.7"]
[White "Moehrmann, Marcus"]
[Black "Schulz, Karsten"]
[Result "1/2-1/2"]
[WhiteElo "2049"]
[BlackElo "2257"]
[PlyCount "77"]
[EventDate "2018.10.21"]
[EventType "team-tourn"]
[EventRounds "9"]
[EventCountry "GER"]
[SourceTitle "EXT 2020"]
[Source "ChessBase"]
[SourceDate "2019.10.17"]
[SourceVersion "1"]
[SourceVersionDate "2019.10.17"]
[SourceQuality "1"]
[WhiteTeam "Hamburg Koenigsspringer"]
[BlackTeam "Schwerin SF"]
[WhiteTeamCountry "GER"]
[BlackTeamCountry "GER"]

1. d4 Nf6 2. c4 g6 3. Nc3 Bg7 4. e4 0-0 5. Nf3 c6 6. h3 d5 7. e5 Ne4 8. Bd3 Nxc3 9. bxc3 f6 10. 0-0 fxe5 11. Nxe5 Nd7 12. f4 Nxe5 13. fxe5 Rxf1+ 14. Qxf1 Be6 15. a4 c5 16. Be3 Qa5 17. cxd5 Bxd5 18. Bc4 cxd4 19. cxd4 e6 20. Bxd5 Qxd5 21. Qf3 Qxf3 22. gxf3 Rc8 23. a5 a6 24. Rb1 Rc7 25. Kf2 Bf8 26. Ke2 Be7 27. Rb6 Kf7 28. Kd3 Rd7 29. Rb1 Bd8 30. Bd2 Ke8 31. f4 Kf7 32. h4 h5 33. Be1 Ke8 34. Ke4 Kf7 35. Rb2 Ke8 36. Rg2 Kf7 37. Rb2 Ke8 38. Rg2 Kf7 39. Rb2 1/2-1/2

[Event "Oberliga Nord N 1617"]
[Site "Germany"]
[Date "2017.02.19"]
[Round "6.8"]
[White "Moehrmann, Marcus"]
[Black "Frohberg, Marco"]
[Result "0-1"]
[WhiteElo "2066"]
[BlackElo "2199"]
[PlyCount "126"]
[EventDate "2016.10.16"]
[EventType "team-tourn"]
[EventRounds "9"]
[EventCountry "GER"]
[SourceTitle "EXT 2018"]
[Source "ChessBase"]
[SourceDate "2017.10.13"]
[SourceVersion "1"]
[SourceVersionDate "2017.10.13"]
[SourceQuality "1"]
[WhiteTeam "Hamburg Koenigsspringer"]
[BlackTeam "Luebeck"]
[WhiteTeamCountry "GER"]
[BlackTeamCountry "GER"]

1. e4 c6 2. d4 d5 3. Nc3 dxe4 4. Nxe4 Nf6 5. Nxf6+ gxf6 6. Bc4 Bf5 7. Ne2 e6 8. Ng3 Bg6 9. Be3 Nd7 10. Qe2 h5 11. h4 Nb6 12. Bb3 Nd5 13. Bd2 Qc7 14. 0-0-0 0-0-0 15. Qf3 Bh6 16. Ne4 Bxe4 17. Qxe4 f5 18. Qf3 Bxd2+ 19. Rxd2 Nf6 20. c3 Rhg8 21. Re2 Rg4 22. g3 Rdg8 23. Rhe1 Ne4 24. Bc2 Nd6 25. Re5 a6 26. Rc5 Kb8 27. a4 f4 28. gxf4 Rxh4 29. Rxh5 Qe7 30. f5 Rxh5 31. Qxh5 Qf6 32. Qh2 exf5 33. Bxf5 Ka7 34. Bc2 Nc4 35. f4 Rg4 36. b3 Nb6 37. f5 Nd5 38. Qd2 Qd6 39. Kb2 Rg3 40. c4 Nf4 41. c5 Qe7 42. Be4 f6 43. Rf1 Qf7 44. Qb4 Ne2 45. Bf3 Ng1 46. Bd1 Qd5 47. Re1 Rg8 48. Bc2 Nf3 49. Kc3 Qd8 50. Re3 Ng5 51. Bd3 a5 52. Qc4 Qc7 53. b4 Qf4 54. Re7 Ka8 55. bxa5 Nf3 56. Re2 Rd8 57. a6 Qc1+ 58. Bc2 Qa1+ 59. Kb3 Nxd4+ 60. Kb4 Qb2+ 61. Ka5 b6+ 62. cxb6 Rd5+ 63. Qb5 Qc3# 0-1

[Event "Hamburg CupT"]
[Site "Hamburg"]
[Date "2010.03.13"]
[Round "3.4"]
[White "Oelrichs, Manfred"]
[Black "Moehrmann, Marcus"]
[Result "0-1"]
[WhiteElo "1635"]
[BlackElo "2040"]
[PlyCount "42"]
[EventDate "2010.03.06"]
[EventType "team-k.o."]
[EventRounds "4"]
[EventCountry "GER"]
[SourceTitle "EXT 2022"]
[Source "ChessBase"]
[SourceDate "2021.10.06"]
[SourceVersion "1"]
[SourceVersionDate "2021.10.06"]
[SourceQuality "1"]
[WhiteTeam "Eimsbuettel Union"]
[BlackTeam "Hamburg Koenigsspringer"]
[WhiteTeamCountry "GER"]
[BlackTeamCountry "GER"]

1. c4 Nf6 2. Nc3 g6 3. g3 Bg7 4. Bg2 0-0 5. Nf3 d6 6. 0-0 e5 7. d3 c6 8. Bg5 h6 9. Bd2 Be6 10. Qc1 Kh7 11. Ne1 d5 12. cxd5 cxd5 13. f4 Nc6 14. fxe5 Nxe5 15. Nc2 Rc8 16. Bf4 Nc6 17. e4 d4 18. Ne2 Nb4 19. Nexd4 Ng4 20. e5 Nxc2 21. Nxe6 fxe6 0-1

[Event "Oberliga Nord N 0708"]
[Site "Germany"]
[Date "2008.04.20"]
[Round "9.8"]
[White "Moehrmann, Marcus"]
[Black "Oelmeyer, Gerrit"]
[Result "0-1"]
[WhiteElo "2060"]
[BlackElo "2027"]
[PlyCount "66"]
[EventDate "2007.10.21"]
[EventType "team-tourn"]
[EventRounds "9"]
[EventCountry "GER"]
[SourceTitle "EXT 2009"]
[Source "ChessBase"]
[SourceDate "2008.11.26"]
[SourceVersion "1"]
[SourceVersionDate "2008.11.26"]
[SourceQuality "1"]
[WhiteTeam "Koenigsspringer"]
[BlackTeam "Hamburg Schachfreunde"]
[WhiteTeamCountry "GER"]
[BlackTeamCountry "GER"]

1. d4 d5 2. c4 c6 3. Nf3 e6 4. Nc3 f5 5. e3 Bd6 6. b3 Nf6 7. Bb2 0-0 8. g3 Nbd7 9. Bg2 b6 10. Rc1 Ba6 11. Nd2 Ne4 12. Ndxe4 fxe4 13. 0-0 Qg5 14. Bh3 Qh6 15. Kg2 Rf3 16. Ne2 Rc8 17. Ng1 Rf6 18. Re1 Rcf8 19. Rc2 Bb4 20. Ree2 Qh5 21. Qf1 g5 22. g4 Qh4 23. Kh1 Bd6 24. Qg2 Rh6 25. Red2 Rhf6 26. a3 dxc4 27. bxc4 Bxc4 28. d5 Bxd5 29. Bxf6 Rxf6 30. a4 Nc5 31. Rc1 Nd3 32. Rf1 c5 33. Ne2 Nxf2+ 0-1

[Event "Oberliga Nord N 0708"]
[Site "Germany"]
[Date "2008.03.09"]
[Round "7.8"]
[White "Moehrmann, Marcus"]
[Black "Stellwagen, Robin"]
[Result "0-1"]
[WhiteElo "2060"]
[BlackElo "2190"]
[PlyCount "80"]
[EventDate "2007.10.21"]
[EventType "team-tourn"]
[EventRounds "9"]
[EventCountry "GER"]
[SourceTitle "EXT 2009"]
[Source "ChessBase"]
[SourceDate "2008.11.26"]
[SourceVersion "1"]
[SourceVersionDate "2008.11.26"]
[SourceQuality "1"]
[WhiteTeam "Koenigsspringer"]
[BlackTeam "Hamburger SK II"]
[WhiteTeamCountry "GER"]
[BlackTeamCountry "GER"]

1. e4 c5 2. Nf3 Nc6 3. d4 cxd4 4. Nxd4 Nf6 5. Nc3 g6 6. Be3 Bg7 7. Qd2 0-0 8. 0-0-0 Ng4 9. Nxc6 bxc6 10. Bg5 Qa5 11. Bxe7 Re8 12. Bh4 Rb8 13. Bc4 Rxe4 14. Rhe1 Bxc3 15. Qxc3 Qxc3 16. bxc3 Rxc4 17. h3 Nh6 18. Re8+ Kg7 19. g4 f6 20. Bg3 Ra8 21. Bd6 Ng8 22. Rd8 Re4 23. f4 Ne7 24. c4 Ng8 25. h4 h6 26. h5 g5 27. fxg5 hxg5 28. Rh1 Nh6 29. Bf8+ Kh7 30. Bxh6 Kxh6 31. Rf8 Re6 32. Rd1 d5 33. cxd5 cxd5 34. Rh8+ Kg7 35. Rd8 Re7 36. R1xd5 Bb7 37. R5d7 Kf7 38. h6 Rxd8 39. Rxd8 Kg6 40. Rh8 Bf3 0-1

[Event "Hamburg League qual"]
[Site "Hamburg"]
[Date "2005.08.27"]
[Round "4"]
[White "Graffenberger, Wilhelm"]
[Black "Moehrmann, Marcus"]
[Result "0-1"]
[WhiteElo "1754"]
[BlackElo "2126"]
[PlyCount "76"]
[EventDate "2005.08.14"]
[EventType "swiss"]
[EventRounds "7"]
[EventCountry "GER"]
[SourceTitle "EXT 2006"]
[Source "ChessBase"]
[SourceDate "2005.11.24"]
[SourceVersion "1"]
[SourceVersionDate "2005.11.24"]
[SourceQuality "1"]

1. d4 Nf6 2. Nf3 g6 3. e3 Bg7 4. Bd3 c5 5. c3 b6 6. Nbd2 0-0 7. 0-0 Bb7 8. Re1 d5 9. e4 cxd4 10. Nxd4 dxe4 11. Nxe4 Nxe4 12. Bxe4 Bxe4 13. Rxe4 e5 14. Bh6 Bxh6 15. Rxe5 Bg7 16. Re4 Qd5 17. Qc2 Nc6 18. Rd1 Rad8 19. Qd3 Nxd4 20. cxd4 f5 21. Re7 Bxd4 22. Kf1 Bf6 23. Qxd5+ Rxd5 24. Rxd5 Bxe7 25. Rd7 Bf6 26. b3 Rf7 27. Rd6 Be7 28. Rc6 Bc5 29. f3 Re7 30. Rc8+ Kf7 31. g4 Ke6 32. h4 Ke5 33. Rd8 fxg4 34. fxg4 Rf7+ 35. Ke1 Bf2+ 36. Ke2 Bxh4 37. Re8+ Re7 38. Rc8 Kf4+ 0-1

[Event "Hamburg League qual"]
[Site "Hamburg"]
[Date "2004.10.30"]
[Round "6"]
[White "Marquardt, Rolf"]
[Black "Moehrmann, Marcus"]
[Result "0-1"]
[WhiteElo "1780"]
[BlackElo "2157"]
[PlyCount "86"]
[EventDate "2004.10.09"]
[EventType "swiss"]
[EventRounds "7"]
[EventCountry "GER"]
[SourceTitle "EXT 2006"]
[Source "ChessBase"]
[SourceDate "2005.11.24"]
[SourceVersion "1"]
[SourceVersionDate "2005.11.24"]
[SourceQuality "1"]

1. d4 Nf6 2. Nf3 g6 3. Bf4 Bg7 4. c3 d6 5. Nbd2 Nh5 6. Bg3 Nd7 7. e3 c5 8. Bc4 0-0 9. Qb3 cxd4 10. exd4 e5 11. Bh4 Qb6 12. 0-0 exd4 13. cxd4 Bxd4 14. Nxd4 Qxd4 15. Nf3 Qg7 16. Be7 Re8 17. Bxd6 Nb6 18. Rfe1 Bd7 19. Bb5 Be6 20. Qa3 Red8 21. Bc7 Rdc8 22. Be5 Qh6 23. Bd4 Nd5 24. Qd6 Nhf4 25. g3 Qh5 26. Nh4 Nh3+ 27. Kf1 Nhf4 28. gxf4 Qxh4 29. f5 Nf4 30. Re3 Qxh2 31. Rg3 Qh1+ 32. Rg1 Qh3+ 33. Ke1 Bxf5 34. Qe5 Re8 35. Kd2 Rxe5 36. Bxe5 Rd8+ 37. Kc1 Ne6 38. Bg3 Qh6+ 39. f4 Qf8 40. Bc4 Qc5 41. b3 b5 42. Re1 bxc4 43. Rxe6 cxb3+ 0-1

[Event "Hamburg League qual"]
[Site "Hamburg"]
[Date "2004.10.23"]
[Round "5"]
[White "Moehrmann, Marcus"]
[Black "Krupa, Boguslaw"]
[Result "1/2-1/2"]
[WhiteElo "2157"]
[BlackElo "1901"]
[PlyCount "150"]
[EventDate "2004.10.09"]
[EventType "swiss"]
[EventRounds "7"]
[EventCountry "GER"]
[SourceTitle "EXT 2006"]
[Source "ChessBase"]
[SourceDate "2005.11.24"]
[SourceVersion "1"]
[SourceVersionDate "2005.11.24"]
[SourceQuality "1"]

1. e4 e5 2. Nf3 Nf6 3. Nxe5 d6 4. Nf3 Nxe4 5. d4 d5 6. c4 Nc6 7. Nc3 Bb4 8. Bd2 Nxd2 9. Qxd2 0-0 10. cxd5 Bxc3 11. bxc3 Qxd5 12. Be2 Bg4 13. 0-0 Rfe8 14. Rfe1 Re4 15. h3 Bh5 16. Rab1 a6 17. c4 Qd6 18. d5 Bxf3 19. Bxf3 Rxc4 20. Rxb7 Ne5 21. Be4 g6 22. f4 Nd7 23. Rb2 Nf6 24. Bf3 Rxf4 25. Rc2 Rd8 26. Rec1 Rd7 27. Rc6 Qe5 28. Rxa6 Nxd5 29. Re1 Qd4+ 30. Qf2 Qxf2+ 31. Kxf2 Rd4 32. Rc1 Rd2+ 33. Kg3 Nb4 34. Ra8+ Kg7 35. a3 Nd3 36. Rc3 Ne1 37. Rc8 Nxf3 38. gxf3 Ra2 39. R8xc7 Rxc7 40. Rxc7 Rxa3 41. h4 h6 42. Rb7 Ra1 43. Kg2 Ra4 44. Kg3 g5 45. hxg5 hxg5 46. Rc7 Kg6 47. Rc6+ f6 48. Rb6 Ra5 49. Kg4 Ra4+ 50. Kg3 Rf4 51. Ra6 Rd4 52. Rb6 Kf5 53. Rb5+ Ke6 54. Rb6+ Kf5 55. Rb5+ Kg6 56. Rb6 Rd1 57. Ra6 Re1 58. Rb6 Rd1 59. Ra6 Re1 60. Rb6 Kf5 61. Rb5+ Re5 62. Rb6 Rc5 63. Ra6 Ke5 64. Rb6 f5 65. Rg6 g4 66. fxg4 f4+ 67. Kf3 Rc3+ 68. Kf2 Rc2+ 69. Kf3 Rc3+ 70. Kf2 Ke4 71. Re6+ Kd5 72. Re1 Rh3 73. g5 Rg3 74. Rg1 Rxg1 75. Kxg1 Ke5 1/2-1/2

[Event "Goch op 15th"]
[Site "Goch"]
[Date "2004.10.01"]
[Round "2"]
[White "Moehrmann, Marcus"]
[Black "Graw, Christopher"]
[Result "0-1"]
[WhiteElo "2157"]
[BlackElo "1763"]
[PlyCount "66"]
[EventDate "2004.09.30"]
[EventType "swiss"]
[EventRounds "7"]
[EventCountry "GER"]
[SourceTitle "EXT 2006"]
[Source "ChessBase"]
[SourceDate "2005.11.24"]
[SourceVersion "1"]
[SourceVersionDate "2005.11.24"]
[SourceQuality "1"]

1. e4 d6 2. d4 Nf6 3. Nc3 g6 4. Be2 Bg7 5. Be3 Nc6 6. h4 e5 7. d5 Ne7 8. h5 gxh5 9. Bxh5 c6 10. Nf3 cxd5 11. Ng5 0-0 12. Nxd5 Nexd5 13. exd5 Bf5 14. g4 Bg6 15. Bxg6 hxg6 16. c4 Qa5+ 17. Kf1 b5 18. c5 Qb4 19. Rc1 Rac8 20. c6 Nxg4 21. Bxa7 Bh6 22. a3 Qf4 23. Rxh6 Nxh6 24. Be3 Qh4 25. Nf3 Qh3+ 26. Ke2 Nf5 27. Qd3 Rfe8 28. Ng5 Qg4+ 29. Kd2 e4 30. Qe2 Nxe3 31. Qxe3 Qf5 32. c7 Qxd5+ 33. Ke2 Qd3+ 0-1

[Event "Oberliga Nord N 9495"]
[Site "Germany"]
[Date "1995.??.??"]
[Round "?"]
[White "Jaeckle, Marco"]
[Black "Moehrmann, Marcus"]
[Result "1-0"]
[WhiteElo "2320"]
[BlackElo "2245"]
[PlyCount "55"]
[EventDate "1994.10.??"]
[EventType "team-tourn"]
[EventRounds "9"]
[EventCountry "GER"]
[SourceTitle "EXT 1999"]
[Source "ChessBase"]
[SourceDate "1998.11.16"]
[SourceVersion "1"]
[SourceVersionDate "1998.11.16"]
[SourceQuality "1"]

1. e4 e5 2. d4 exd4 3. Bc4 Nf6 4. Nf3 Nc6 5. Ng5 Ne5 6. Bb3 h6 7. f4 hxg5 8. fxe5 Nxe4 9. Qxd4 Nc5 10. Nc3 Nxb3 11. axb3 b6 12. Qe4 c6 13. e6 dxe6 14. Bxg5 Be7 15. Bxe7 Kxe7 16. Qxc6 Bd7 17. Qe4 Kf8 18. 0-0-0 Rb8 19. Rhf1 Qe7 20. Rf2 Be8 21. Qe5 Rc8 22. Ne4 Rh6 23. g4 Kg8 24. Kb1 Rd8 25. Rxd8 Qxd8 26. Rd2 Qh4 27. g5 Qh5 28. Rd8 1-0

[Event "St Ingbert op"]
[Site "St Ingbert"]
[Date "1995.??.??"]
[Round "8"]
[White "Moehrmann, Marcus"]
[Black "Becker, Thomas"]
[Result "1-0"]
[WhiteElo "2215"]
[BlackElo "2060"]
[PlyCount "109"]
[EventDate "1995.08.??"]
[EventType "swiss"]
[EventRounds "9"]
[EventCountry "GER"]
[SourceTitle "EXT 2000"]
[Source "ChessBase"]
[SourceDate "1999.11.16"]
[SourceVersion "1"]
[SourceVersionDate "1999.11.16"]
[SourceQuality "1"]

1. d4 Nf6 2. c4 d6 3. Nc3 Nbd7 4. e4 e5 5. Nf3 Be7 6. Be2 0-0 7. 0-0 c6 8. h3 Re8 9. Be3 Bf8 10. d5 a5 11. Ne1 Kh8 12. a4 c5 13. Ra3 Ng8 14. f4 exf4 15. Bxf4 f6 16. Qc2 Ne5 17. Nb5 g6 18. Nf3 Bd7 19. Rb3 b6 20. Qd2 Rb8 21. Nxe5 dxe5 22. Bg3 Rb7 23. Bh4 Be7 24. Rbf3 Bxb5 25. axb5 Rd7 26. R3f2 Rd6 27. Bg4 Bf8 28. Qe2 Bg7 29. Be6 Rf8 30. Bg3 Qe7 31. h4 Rfd8 32. h5 Rxe6 33. dxe6 Qxe6 34. hxg6 hxg6 35. Rf3 Bh6 36. Be1 Qg4 37. Bc3 Kg7 38. Qe1 Bf4 39. b3 Nh6 40. Rxf4 exf4 41. e5 Nf5 42. exf6+ Kf8 43. Qe6 Qg3 44. Qxb6 Qe3+ 45. Kh2 Qg3+ 46. Kh1 Rd7 47. Qxc5+ Kf7 48. Be1 Qg5 49. Kg1 Qxf6 50. Rxf4 Re7 51. Bh4 Qa1+ 52. Kh2 Rd7 53. Rxf5+ gxf5 54. Qxf5+ Ke8 55. Qe6+ 1-0

[Event "Oberliga Nord N 9394"]
[Site "Germany"]
[Date "1994.??.??"]
[Round "?"]
[White "Moehrmann, Marcus"]
[Black "Ehrke, Michael"]
[Result "0-1"]
[WhiteElo "2235"]
[BlackElo "2240"]
[PlyCount "100"]
[EventDate "1993.10.??"]
[EventType "team-tourn"]
[EventRounds "9"]
[EventCountry "GER"]
[SourceTitle "EXT 1999"]
[Source "ChessBase"]
[SourceDate "1998.11.16"]
[SourceVersion "1"]
[SourceVersionDate "1998.11.16"]
[SourceQuality "1"]

1. e4 e5 2. Nf3 Nc6 3. Bb5 f5 4. d4 fxe4 5. Nxe5 Nxe5 6. dxe5 c6 7. Nc3 cxb5 8. Nxe4 d5 9. exd6 Nf6 10. Bg5 Qa5+ 11. Nc3 b4 12. Bxf6 bxc3 13. Bxc3 Qf5 14. 0-0 Be6 15. d7+ Bxd7 16. Re1+ Be7 17. Re5 Qf7 18. Qe1 a5 19. Rd1 Ra6 20. Red5 Be6 21. Rb5 Bf6 22. Bxf6 Qxf6 23. Rxb7 0-0 24. b3 Kh8 25. Rd2 Qg6 26. Qe3 Bf5 27. Qe7 Raf6 28. g3 h6 29. Rd8 Rxd8 30. Qxd8+ Kh7 31. Qxa5 Rd6 32. Re7 Rd1+ 33. Re1 Rxe1+ 34. Qxe1 Bxc2 35. b4 Be4 36. a4 Qf5 37. Qe3 Qd5 38. Qc1 Qd3 39. f4 Qf3 40. Qd2 Qh1+ 41. Kf2 Qf3+ 42. Kg1 Bf5 43. Qf2 Qd1+ 44. Qf1 Qd4+ 45. Kg2 Qxb4 46. Qb5 Qd2+ 47. Kf3 Bd3 48. Qe5 Qxh2 49. a5 Qg1 50. f5 Qf1+ 0-1